000 02442nam0a2200373 4500
001 RU\NLR\bibl\1866884
005 20260405235917.0
010 _a5-85-303-043-9
_9500
035 _a(NLR Aleph) 001856757
090 _a2476413
_c2476413
100 _a20120208d2011 |||y0rusy50 ca
101 0 _arus
102 _aRU
105 _aa |||||||||
200 1 _aОфицерское собрание русской армии и флота
_eстраницы военной истории Санкт-Петербурга
_fМ.Я. Тарасов
210 _aСанкт-Петербург
_cПальмира
_d2011
215 _a256 с.
_cил.
_d25
300 _aНа 4-й с. обл. авт.: Тарасов М.Я., полк., к.в.н., доц.
320 _aБиблиогр. в подстроч. прим.
601 0 2 _aПетербургское офицерское собрание армии и флота
_92190765
_3RU\NLR\auth\661316955
601 0 2 _aЦентральный дом Советской армии им. М.В. Фрунзе
_cМосква, город
_92095882
_3RU\NLR\auth\661571642
601 0 2 _aЦентральный дом Российской армии им. М.В. Фрунзе
_cМосква, город
_92095887
_3RU\NLR\auth\661571645
601 0 2 _aКультурный центр Вооруженных Сил Российской Федерации им. М.В. Фрунзе
_cМосква, город
_92095888
_3RU\NLR\auth\661571646
686 _aЦ4,8(2)425.21
686 _aЦ4,6(2)425.21
700 1 _4070
_8rus
_7ca
_aТарасов
_bМ. Я.
_cканд. воен. наук
_gМихаил Яковлевич
_3RU\NLR\auth\77109497
_992422
801 0 _aRU
_bNLR
_c20120208
_gRCR
801 1 _aRU
_bNLR
_c20120208
830 _aпо кн
942 _cBOOK
980 _aNB
980 _aNBR
981 4 3 _a(43) Тематическая подборка Санкт-Петербург
_b(43) Армия и флот